000 00613nam a2200205 u 4500
005 20240228064229.0
008 160205s2003 r 000 0 eng d
020 _a9501116379
035 _aUPN01000207885
049 _aI
050 4 _aGB662.3
_bT3.2
100 1 _aTaylor, Helen
_938453
245 1 3 _aEl agua /
_cHelen Taylor ; il. Stephen Sweet ; tr. Aagkustina Oliden.
260 _aBuenos Aires .
_bSigmar,
_c2003.
300 _a32 p. :
_bil. col.
440 0 _aAunque no lo creas...
650 4 _aAGUA -
_vLITERATURA INFANTIL
_922057
650 4 _aLibros y lectura para niƱos
_92290
905 _aInfantil
999 _c179986
_d179986